000 01072nam a22002777a 4500
008 160813s1999 cr||||| |||| 00| 0 spa d
082 0 4 _a708
_bA472i
110 1 _aFundación Museos Banco Central de Costa Rica.
_95425
245 1 0 _aImágenes de mujeres /
_cFundación Museos Banco Central ; curaduría por Ileana Alvarado y Efraím Hernández.
250 _a1a ed.
260 _aSan José, Costa Rica :
_bFundación Museos Banco Central,
_c1999.
300 _a32 p.
_bil. col.
500 _aCatálogo publicado con motivo a la exposición "Imágenes de Mujeres", presentada en Museos Banco Central, del 22 de junio al 19 de setiembre de 1999.
653 1 0 _aArte - Costa Rica
653 1 0 _aArte contemporáneo
653 1 0 _aArte costarricense
653 1 0 _aArtistas costarricenses
653 1 0 _aArte - Siglo XX
653 1 0 _aPintura
653 1 0 _aEscultura
653 1 0 _aMujeres en el arte
653 1 0 _aCatálogo de exhibición
653 1 0 _aExhibiciones
700 1 _aAlvarado, Ileana.
_ecuradora.
_95426
700 1 _aHernández, Efraím.
_ecurador.
_91703
999 _c1014
_d1014